000 01088njm a2200313Ia 4500
001 26633
003 IT-RoPAU
005 20220918181111.0
008 131025s9999 xx 000 0 und d
040 _aIT-RoPAU
040 _cIT-RoPAU
041 _aITAL/TED
999 _c98962
_d98962
999 _bSI
100 _aBach Johann Sebastian
_915968
100 _eAutore musica
_915969
100 _gCodice autore musica SPICS: 9695
_915970
245 _aCantate sacre di J.S. Bach (Le) 4
250 _a1a ed.
260 _aROMA
260 _bSPICS RECORDS
_c1984 [1a Ed.:1984 - Ed. Lingua Orig.: 1984]
300 _aMUSICASSETTA
300 _c90 minuti (Testo: pag.)
500 _aMusica sacra. Cantata. Musica liturgica. Polifonia.
505 _aCantata BWV 132 Bereitet Die Wege, Bereitet Die Bahn!. - Cantata BWV 147 Herz Und Mund Und Tat Und Leben.
650 _aMUSICA SACRA [CASSETTE]
_eCodice MATERIA SPICS: 9951
_915971
700 _aBasso Alberto
_eInterprete
_gCodice interprete SPICS: 9484
_915972
700 _aBasso Alberto
_gCodice autore SPICS: 9484
_eAutore
_915973
942 _cMC
_2ddc